000 00689cam a22002413a 4500
001 10684
003 PGUSA
005 20140828083227.0
008 040101s2004||||xxu|||||s|||||000 | eng d
040 _aPGUSA
_beng
042 _adc
050 4 _aBL
100 1 _aBury, J. B.
_q(John Bagnell),
_d1861-1927
245 1 2 _aA History of Freedom of Thought
_h[electronic resource] /
_cJ. B. Bury
260 _bProject Gutenberg,
_c2004
506 _aPublic domain in the USA.
516 _aElectronic text
653 _aFree thought -- History
653 _aRationalism -- History
830 0 _aProject Gutenberg
_v10684
856 4 0 _uhttp://www.gutenberg.org/ebooks/10684
942 _cEB
999 _c239939
_d239939